Statistics for Characters by the quotes 4

Click here to take the quiz!

General Stats

  • This quiz has been taken 14 times
  • The average score is 4 of 15

Answer Stats

HintAnswer% Correct
Life was like a box of chocolatesForrest Gump
80%
Master BogginsesGollum
70%
No TV and no beer make Homer something somethingHomer Simpson
70%
Roads? Were we're going we don't need roadsDoc Brown
60%
A boys best friend is his motherNorman Bates
60%
All work and no play makes Jack a dull boyJack Torrance
50%
Get busy living or get busy dyingAndy Dufresne
20%
The goddamn pen is blue!Fletcher Reede
10%
I've come here to chew bubblegum and kick ass and I'm all out of bubble gumRoddy Piper
10%
Human sacrifice dogs and cats living together mass hysteriaVenkman
10%
B-E-A-utifulBruce Nolan
0%
I'm sorry to differ with you sir, but YOU are the caretaker. You've ALWAYS been the caretaker I should know- I've ALWAYS been hereDelbert Grady
0%
The pellet with the poisons in the vessel with the pestle the chalice from the palace has the brew that is trueGrizelda
0%
But look what happened to the cook!Mrs. Peacock
0%
Because he didn't take my adviceWalter Donovan
0%

Score Distribution

Percentile by Number Answered

Percent of People with Each Score

Your Score History

You have not taken this quiz